Candidats aux Élections Municipales 2026 en PACA par images - Statistiques

Statistiques générales
  • Ce quiz a été pris 32 fois
  • Le résultat moyen est 9 sur 12
Statistiques - réponses
Par images Hint Réponse % Correct
Nice Eric Ciotti
100%
Marseille Sebastien Delogu
100%
Marseille Benoît Payan
96%
Nice Christian Estrosi
96%
Toulon Laure Lavalette
96%
Menton Louis Sarkozy
93%
Cannes David Lisnard
85%
Marseille Martine Vassal
70%
Marseille Franck Allisio
63%
Orange Jacques Bompard
52%
Le Cannet Michèle Tabarot
41%
Avignon Olivier Galzi
33%
Aucun quiz correspondant
Distribution des résultats
% des personnes avec chaque résultat
Percentile par nombre de réponses
Votre historique - résultats
Vous n’avez pas pris ce quiz